Normal view
MARC view
Entry Personal Name
001 - CONTROL NUMBER
- control field: 851
003 - CONTROL NUMBER IDENTIFIER
- control field: ARRUPE
005 - DATE AND TIME OF LATEST TRANSACTION
- control field: 20130920130631.0
008 - FIXED-LENGTH DATA ELEMENTS
- fixed length control field: 130920|| aca||aabn | a|a d
040 ## - CATALOGING SOURCE
- Original cataloging agency: ARRUPE
- Transcribing agency: ARRUPE
100 ## - HEADING--PERSONAL NAME
- Personal name: Hsia, R. Po-chia,
- Dates associated with a name: 1953-
670 ## - SOURCE DATA FOUND
- Source citation: Work cat.: (ARRUPE)0: Hsia, R. Po-chia, 1953-, A Jesuit in the Forbidden City :, 2010.